Normal view MARC view
  • Mehtani,s. &. Sinha,a

Entry Personal Name

Number of records used in: 2

001 - CONTROL NUMBER

  • control field: 60691

003 - CONTROL NUMBER IDENTIFIER

  • control field: OSt

005 - DATE AND TIME OF LATEST TRANSACTION

  • control field: 20220806110236.0

008 - FIXED-LENGTH DATA ELEMENTS

  • fixed length control field: 220806|| aca||aabn | a|a d

040 ## - CATALOGING SOURCE

  • Original cataloging agency: OSt
  • Transcribing agency: OSt

100 ## - HEADING--PERSONAL NAME

  • Personal name: Mehtani,s. &. Sinha,a

670 ## - SOURCE DATA FOUND

  • Source citation: Work cat.: (OSt)34659: Mehtani,s. &. Sinha,a., International Ency.of Geography.vl.7, 2009